Dyông Dư Hơamon Bahnar
Dyông Dư sự tự hào của đồng bào Bahnar nói riêng, người Tây Nguyên nói chung đối với vốn văn hóa cổ của mình, Dyông Dư là Thế giới của thần linh với vị thần tối thượng bok Kei Dei...
Kaydedildi:
| Müşterek Yazar: | |
|---|---|
| Diğer Yazarlar: | |
| Dil: | Undetermined |
| Baskı/Yayın Bilgisi: |
Hà Nội
Thời đại
2012
|
| Konular: | |
| Etiketler: |
Etiketle
Etiket eklenmemiş, İlk siz ekleyin!
|
| Thư viện lưu trữ: | Trung tâm Học liệu Trường Đại học Trà Vinh |
|---|
| LEADER | 00988nam a2200265Ia 4500 | ||
|---|---|---|---|
| 001 | TVU_18021 | ||
| 008 | 210423s9999 xx 000 0 und d | ||
| 020 | |a 9786049280122 | ||
| 041 | |a Vie | ||
| 082 | |a 398.2095976 | ||
| 082 | |b B312 | ||
| 245 | 0 | |a Dyông Dư Hơamon Bahnar | |
| 245 | 0 | |c Vũ Ngọc Bình ... [và những người khác] (sưu tầm, biên dịch) | |
| 260 | |a Hà Nội | ||
| 260 | |b Thời đại | ||
| 260 | |c 2012 | ||
| 300 | |a 497 tr. | ||
| 300 | |c 21 cm | ||
| 504 | |a Phụ chú: tr.497 | ||
| 520 | |a Dyông Dư sự tự hào của đồng bào Bahnar nói riêng, người Tây Nguyên nói chung đối với vốn văn hóa cổ của mình, Dyông Dư là Thế giới của thần linh với vị thần tối thượng bok Kei Dei... | ||
| 650 | |a Văn học dân gian | ||
| 700 | |a Vũ Ngọc Bình | ||
| 700 | |e sưu tầm, biên dịch | ||
| 710 | |a Hội Văn nghệ Dân gian Việt Nam | ||
| 980 | |a Trung tâm Học liệu Trường Đại học Trà Vinh | ||


